Statistics for Key West Florida General Knowledge

Click here to take the quiz!

General Stats

  • This quiz has been taken 31 times
  • The average score is 7 of 16

Answer Stats

QuestionAnswer% Correct
People born and raised here are calledConchs
84%
Key West was aligned with which side during the Civil WarUnion
84%
Key West has how many Forts from the civil war era3
58%
This Fort, close to but not in Key West, is known for being a prison holding John Wilkes Booth's doctorFort Jefferson
58%
Biologically, a conch is really a giant type of thisSea Snail
58%
What are considered the original Conchs, came primarily from this country (modern name)Bahamas
42%
Closest "suburb" of Key West, named this because most of the cattle were kept thereStock Island
37%
Before given the name Key West, the island was known by this Spanish NameCayo Hueso
32%
If you drink yourself from one end of this street to the other, it's called theDuval Crawl
32%
People who have lived, but not born, in Key West for a long time are known as this kind of the aboveFresh Water
32%
Most famous bar in Key West because of its association with Ernest HemingwaySloppy Joe's
32%
The Spanish name translates to this in EnglishBone Key
26%
Not really the longest, but called the longest road in the US since it stretches all the way from the Atlantic Ocean to the Gulf of MexicoDuval St
26%
When harvesting sea turtles was a legal industry in Key West, they were kept in a pen called thisKraal
26%
Old time male Conchs generally called or greeted each other by this common southern nicknameBubba
21%
The original location of that bar is named after a former Key West mayor and smugglerCapt Tony's
21%

Score Distribution

Percentile by Number Answered

Percent of People with Each Score

Your Score History

You have not taken this quiz